[Event "FRA-ch U18 Girls"]
[Site "Montlucon"]
[Date "2011.04.23"]
[Round "8"]
[White "Airoldi, Lea"]
[Black "Abidi, Ines"]
[Result "0-1"]
[WhiteElo "1490"]
[BlackElo "1677"]
[PlyCount "126"]
[EventDate "2011.04.17"]
[EventType "swiss"]
[EventRounds "9"]
[EventCountry "FRA"]
[SourceTitle "CBM 142 Extra"]
[Source "ChessBase"]
[SourceDate "2011.06.27"]
[SourceVersion "1"]
[SourceVersionDate "2011.06.27"]
[SourceQuality "1"]

1. d4 d5 2. c4 e6 3. Nc3 Nf6 4. Bf4 a6 5. e3 Nbd7 6. Bd3 Be7 7. Nf3 0-0 8. 0-0 dxc4 9. Bxc4 b5 10. Bd3 c5 11. e4 cxd4 12. Nxd4 Bb7 13. e5 Nd5 14. Nxd5 Bxd5 15. Nf3 Rc8 16. Bc2 Bxf3 17. gxf3 Nb6 18. Qxd8 Rfxd8 19. Rac1 Nd5 20. Bd2 Bb4 21. Bg5 f6 22. exf6 gxf6 23. Bh6 Bd6 24. Kh1 Kh8 25. Rfe1 Bf4 26. Bxf4 Nxf4 27. Be4 Rxc1 28. Rxc1 f5 29. Bb7 Rd6 30. h4 Kg7 31. Rc6 Rxc6 32. Bxc6 b4 33. a3 bxa3 34. bxa3 Kf6 35. Kh2 Nd3 36. Kg2 Ne5 37. Bb7 a5 38. f4 Nc4 39. a4 Nb2 40. Bc6 Nd3 41. f3 Nxf4+ 42. Kg3 Ne2+ 43. Kf2 Nd4 44. Bd7 Ke7 45. Bc8 Kd8 46. Ba6 Kc7 47. Ke3 e5 48. f4 Kd6 49. Bd3 Ke6 50. Bc4+ Kf6 51. Bd3 Nb3 52. h5 h6 53. Bc2 Nc5 54. Bd1 Ne6 55. fxe5+ Kxe5 56. Kf3 Nd4+ 57. Kf2 Kf4 58. Kg2 Ke3 59. Kg3 f4+ 60. Kg2 f3+ 61. Kf1 Nf5 62. Be2 Ng3+ 63. Ke1 f2+ 0-1

[Event "FRA-ch U18 Girls"]
[Site "Montlucon"]
[Date "2011.04.21"]
[Round "6"]
[White "Sellier, Charlotte"]
[Black "Airoldi, Lea"]
[Result "1-0"]
[WhiteElo "1250"]
[BlackElo "1490"]
[PlyCount "63"]
[EventDate "2011.04.17"]
[EventType "swiss"]
[EventRounds "9"]
[EventCountry "FRA"]
[SourceTitle "CBM 142 Extra"]
[Source "ChessBase"]
[SourceDate "2011.06.27"]
[SourceVersion "1"]
[SourceVersionDate "2011.06.27"]
[SourceQuality "1"]

1. e4 e6 2. d4 d5 3. Nc3 Bb4 4. Bd3 c5 5. dxc5 d4 6. a3 Bxc5 7. Nce2 e5 8. Nf3 Nc6 9. Bd2 Nf6 10. 0-0 Bg4 11. Ng3 Nh5 12. Nf5 Nf6 13. Nxg7+ Kf8 14. Bh6 Kg8 15. Re1 Nh5 16. Nf5 Nf6 17. Bg7 Bxf5 18. Bxh8 Bg4 19. Bxf6 Qxf6 20. Be2 Kh8 21. Qd3 Rg8 22. g3 Bh3 23. Rac1 Nd8 24. c3 Ne6 25. Bf1 Nf4 26. Qd2 Bg4 27. Nh4 dxc3 28. Rxc3 Bh3 29. Rxc5 Qxh4 30. Rxe5 Bxf1 31. Rxf1 Qh3 32. Qxf4 1-0

[Event "FRA-ch U18 Girls"]
[Site "Montlucon"]
[Date "2011.04.19"]
[Round "4"]
[White "Ranc, Candice"]
[Black "Airoldi, Lea"]
[Result "1-0"]
[WhiteElo "1570"]
[BlackElo "1490"]
[PlyCount "51"]
[EventDate "2011.04.17"]
[EventType "swiss"]
[EventRounds "9"]
[EventCountry "FRA"]
[SourceTitle "CBM 142 Extra"]
[Source "ChessBase"]
[SourceDate "2011.06.27"]
[SourceVersion "1"]
[SourceVersionDate "2011.06.27"]
[SourceQuality "1"]

1. e4 e6 2. d4 d5 3. e5 c5 4. c3 Qb6 5. Nf3 Nc6 6. Be2 Bd7 7. a3 a5 8. 0-0 Nge7 9. b3 Nf5 10. Bb2 Be7 11. Bd3 cxd4 12. Bxf5 dxc3 13. Nxc3 d4 14. Ne2 exf5 15. Nexd4 Rd8 16. Qc2 0-0 17. Rfe1 Bc5 18. Rad1 Rfe8 19. Qc3 Bxd4 20. Nxd4 Nxe5 21. Nf3 Nxf3+ 22. Qxf3 Bc6 23. Qg3 g6 24. Qc3 Qd4 25. Rxe8+ Bxe8 26. Rxd4 1-0